Phân loại và tổ chức mục lục phân loại

Tài liệu gồm 6 chương cung cấp kiến thức cơ bản về lý luận phân loại cũng như phân loại tài liệu trong thư viện. Sách còn cung cấp các câu hỏi ôn tập ở cuối mỗi bài và bài tập phân loại sử dụng khung phân loại UDC và BBK đã được Việt...

Descripció completa

Guardat en:
Dades bibliogràfiques
Autor principal: Tạ, Thị Thịnh
Format: Llibre
Idioma:Undetermined
Publicat: Hà Nội Đại học Quốc gia Hà Nội 2003
Matèries:
Etiquetes: Afegir etiqueta
Sense etiquetes, Sigues el primer a etiquetar aquest registre!
Thư viện lưu trữ: Trung tâm Học liệu Trường Đại học Cần Thơ
LEADER 01207nam a2200205Ia 4500
001 CTU_55602
008 210402s9999 xx 000 0 und d
020 |c 19500 
082 |a 025.43 
082 |b Th312 
100 |a Tạ, Thị Thịnh 
245 0 |a Phân loại và tổ chức mục lục phân loại 
245 0 |c Tạ Thị Thịnh 
260 |a Hà Nội 
260 |b Đại học Quốc gia Hà Nội 
260 |c 2003 
520 |a Tài liệu gồm 6 chương cung cấp kiến thức cơ bản về lý luận phân loại cũng như phân loại tài liệu trong thư viện. Sách còn cung cấp các câu hỏi ôn tập ở cuối mỗi bài và bài tập phân loại sử dụng khung phân loại UDC và BBK đã được Việt Nam hoá. Tài liệu được dung làm giáo trình dùng cho giảng viên tham khảo và sinh viên các trường đại học và cao đẳng chuyên ngành thông tin thư viện. 
650 |a Classification,Classification Dewey Decimal,Classification, BBK 
650 |x Books 
980 |a Trung tâm Học liệu Trường Đại học Cần Thơ